Women's College Basketball Champions Quiz - Statistics

General Stats
  • This quiz has been taken 365 times
    335 since last reset
  • The average score is 11 of 32
Answer Stats
Hint Answer % Correct
2013 Connecticut
97%
2010 Connecticut
68%
2009 Connecticut
66%
2012 Baylor
65%
2004 Connecticut
51%
2002 Connecticut
51%
2003 Connecticut
50%
2008 Tennessee
49%
2000 Connecticut
48%
2007 Tennessee
47%
1995 Connecticut
43%
1996 Tennessee
41%
1998 Tennessee
40%
1997 Tennessee
40%
1991 Tennessee
30%
1989 Tennessee
29%
1987 Tennessee
29%
2011 Texas A&M
29%
2001 Notre Dame
27%
2006 Maryland
22%
2005 Baylor
21%
1992 Stanford
21%
1994 North Carolina
20%
1999 Purdue
19%
1990 Stanford
19%
1982 Louisiana Tech
18%
1986 Texas
17%
1984 USC
16%
1983 USC
16%
1988 Louisiana Tech
15%
1993 Texas Tech
15%
1985 Old Dominion
12%
No matching quizzes found
Score Distribution
Percent of People with Each Score
Percentile by Number Answered
Your Score History
You have not taken this quiz since the last reset